|
|
|
|
| LEADER |
00000nam2a2200000 4500 |
| 001 |
56905 |
| 005 |
20231031053903.0 |
| 035 |
|
|
|a (RuTPU)RU\TPU\book\59766
|
| 090 |
|
|
|a 56905
|
| 100 |
|
|
|a 20031014d1966 m y0rusy50 ca
|
| 101 |
0 |
|
|a rus
|
| 102 |
|
|
|a RU
|
| 105 |
|
|
|a a j 001zy
|
| 200 |
0 |
|
|a Ч. 2: Деструктивная переработка нефти и газа
|f Е. В. Смидович
|
| 210 |
|
|
|d 1966
|
| 215 |
|
|
|a 386 с.
|c ил.
|
| 320 |
|
|
|a Библиогр.: с. 379-386.
|
| 330 |
|
|
|a Вторая часть учебника «Технология переработки нефти и газа» посвящена процессам термической и каталитической переработки нефтяного и газового сырья. Изложены основы технологии термического крекинга под давлением, коксования, пиролиза, каталитического крекинга и риформинга, гидрогенизационных процессов. Рассматриваются вопросы разделения и переработки нефтезаводских газов, а также поточные схемы заводов, включающие процессы крекинга и процессы переработки газов.Учебник рассчитан на студентов химико-технологических факультетов нефтяных втузов и может быть также использован инженерами нефтеперерабатывающей и нефтехимической промышленности.
|
| 461 |
|
1 |
|0 (RuTPU)RU\TPU\book\59841
|t Технология переработки нефти и газа
|o учебник для вузов
|v Ч. 2: Деструктивная переработка нефти и газа
|d 1966
|
| 610 |
1 |
|
|a технология
|
| 610 |
1 |
|
|a переработка
|
| 610 |
1 |
|
|a нефть
|
| 610 |
1 |
|
|a газ
|
| 610 |
1 |
|
|a деструкция
|
| 610 |
1 |
|
|a термические процессы
|
| 610 |
1 |
|
|a каталитические процессы
|
| 610 |
1 |
|
|a углеводородное сырье
|
| 610 |
1 |
|
|a полимеризация
|
| 610 |
1 |
|
|a алкилирование
|
| 675 |
|
|
|a 665.52(075.8)
|v 3
|
| 700 |
|
1 |
|a Смидович
|b Е. В.
|g Екатерина Владимировна
|
| 801 |
|
1 |
|a RU
|b 63413507
|c 20031014
|g PSBO
|
| 801 |
|
2 |
|a RU
|b 63413507
|c 20220517
|g PSBO
|
| 900 |
|
|
|a Химическая технология горючих ископаемых
|
| 900 |
|
|
|a Химическая технология топлива
|
| 900 |
|
|
|a Химическая технология углеродных материалов
|
| 942 |
|
|
|c BK
|
| 952 |
|
|
|a 553600
|b 070600
|